[Event "EICC 2021"]
[Site "Reykjavik"]
[Date "2021.09.02"]
[Round "8.2"]
[White "Navara, David"]
[Black "Keymer, Vincent"]
[Result "0-1"]
[WhiteElo "2675"]
[BlackElo "2602"]
[Annotator "TA"]
[PlyCount "120"]
[EventDate "2021.08.26"]
[EventType "swiss"]
[EventCountry "ISL"]
[Tiebreak "Cut1 Buchholz"]
[SourceTitle "playchess.com"]
[Source "ChessBase"]
[SourceQuality "1"]

{[%evp 9,120,8,19,7,8,13,8,12,11,-4,6,12,8,17,23,15,6,0,0,8,31,0,4,-6,0,0,17,0,
0,0,0,-10,-17,-65,-76,-81,-21,-18,16,-48,-45,-34,-16,-50,-47,-44,-42,-43,-43,
-44,0,0,0,-83,-75,-77,-81,-216,-186,-279,0,-211,-215,-189,-179,-799,-770,-714,
-672,-524,-506,-467,0,0,0,-435,-436,-372,-103,-406,-110,-1270,-608,-1255,-1216,
-914,-336,-290,0,-118,-123,-291,-287,-333,-268,-403,-402,-300,-353,-1069,-1070,
-958,-908,-1070,-1046,-1025,-1016,-989,-968,-1670,-1659,-1635,-1481]} 1. c4 Nf6
2. Nc3 e5 3. Nf3 Nc6 4. g3 Bb4 5. Nd5 e4 6. Nh4 {A29: English Opening: Four
Knights Variation with 4 g3.} O-O 7. Bg2 d6 8. Nxb4 {The position is equal.}
Nxb4 9. a3 Na6 $5 {[%cal Bb4a6,Ba6c5,Bc5b3][%mdl 4] An interesting side line.}
10. d3 exd3 11. Qxd3 Nc5 12. Qc2 a5 {[%cal Ba7a5,Ba5a4][%mdl 32] [#]} 13. b3
$146 ({Predecessor:} 13. Be3 a4 14. Bxc5 dxc5 15. O-O Ra6 16. Rad1 Qe7 17. Nf5
Qe5 18. Ne3 Rb6 19. Rd2 {1/2-1/2 (58) McNab,C (2423)-Minasian,A (2557)
Cappelle la Grande 2003}) 13... a4 14. b4 Nb3 15. Rb1 c5 16. bxc5 dxc5 17. O-O
Bg4 {White should prevent ...Nd4.} 18. Be3 (18. Bxb7 Nd4 $15) 18... Qc8 19.
Rfd1 Ra6 20. f3 Be6 21. g4 Re8 22. Qc3 h6 (22... Bxc4 23. Qxc4 Rxe3 24. Nf5 $11
) (22... Nd7 $17) 23. Bf2 $11 Nd4 24. Bxd4 (24. Bf1 $11) 24... cxd4 $15 25.
Rxd4 Rc6 {[%cal Re6c4]} (25... g5 26. f4 $14) 26. Qb4 g5 (26... Bxc4 $6 27. Nf5
$14) 27. Nf5 {[%cal Rf5d6]} Bxf5 {[%mdl 64] Discovered Attack} 28. gxf5 Rxe2
29. Bf1 $1 {[%cal Rf1e2]} Re3 30. Kf2 Re5 31. Qxb7 (31. Bd3 $1 $11) 31... Qxf5
$17 32. Bd3 Qe6 33. Rd8+ (33. Qb2 $17) 33... Kg7 $19 34. Qb4 (34. Qb2 $142)
34... Rcc5 $2 ({Black should play} 34... Nd7 $1 $19 {And now ...Rb6 would win.}
35. c5 (35. Qxa4 $2 Rd6 $19) 35... Nxc5) 35. Re1 $2 (35. Qb8 $1 $11) 35... Qh3
36. Kg1 {Black must now prevent Rxe5.} g4 $1 $40 {[%cal Rg4f3][%mdl 128] White
is in trouble.} ({Inferior is} 36... Qxf3 37. Rxe5 Qg4+ 38. Kh1 $11) ({Worse is
} 36... Rxe1+ 37. Qxe1 Qxf3 38. Qe7 $11) 37. Rxe5 $2 (37. Bf1 Qxf3 38. Rxe5
Rxe5 39. Qf8+ Kg6 40. Rd3) 37... gxf3 {[%csl Gf3][%cal Rh3g2]} 38. Kf2 Qxh2+
39. Kxf3 Qxe5 40. Qb8 Qa1 (40... Qh5+ $19 41. Ke3 Qg5+ 42. Ke2 Qg2+ 43. Ke1
Qg1+ 44. Kd2 Rh5) 41. Qd6 $11 {[%csl Gd8][%cal Rd6f8]} Qd1+ 42. Ke3 $2 {
[%mdl 8192]} (42. Kf4 $1 $11 {and White stays safe.} Qg4+ 43. Ke3 Qg1+ 44. Kd2
Qf2+ 45. Kc1) 42... Ng4+ $1 $19 43. Kd4 {[#]} Re5 (43... Rf5 $1 $19 {has
better winning chances. Hoping for ...Qa1+.} 44. Re8 Qa1+ 45. Ke4 Rg5 46. Qf8+
Kg6 47. Qd6+ Kh5) 44. c5 $2 {[%mdl 8192]} (44. Kc3 $17 {was the crucial
defense.} Qe1+ 45. Kb2) 44... Qc1 $2 (44... Qa1+ $19 {is more deadly.} 45. Kc4
Qb2 46. Qf8+ Kf6 47. Qd6+ Kg5 48. Rg8+ Kh5 49. Rxg4 Kxg4 50. Qd4+ Qxd4+ 51.
Kxd4 Re7) 45. Qf8+ $2 {[%mdl 8192]} (45. Rb8 $17 Qf4+ 46. Kc3 Rxc5+ {[%mdl 64]
Deflection} 47. Qxc5 Qxb8 48. Qd4+ Ne5 49. Bc2) 45... Kf6 {( -> ...Qb2+)} 46.
Rd6+ Kg5 {[%csl Ge5][%cal Rc1c5]} 47. Rb6 Qe3+ $2 (47... Qf4+ 48. Kc3 Rd5 49.
Qg7+ Kh4) 48. Kc4 {[#]} Qc1+ $2 ({Weaker is} 48... Kh4 49. Qd8+ f6 50. Qd4 $15)
({Better is} 48... f6 $1 $19 {aiming for ...Re7.} 49. Qd6 Qf3) 49. Kb5 (49. Kd4
$1 $11 {remains equal.} Qf4+ 50. Kc3) 49... Qxa3 $17 50. Qd6 (50. Bc4 $17)
50... Qc3 $19 51. Bc4 f6 52. Rb8 (52. Be6 {is a better defense.} Ne3 53. Ra6)
52... a3 53. Rg8+ Kh4 {Threatens to win with ...Qb2+.} 54. Qd1 $2 {[#]} (54.
Be6 h5 55. Ra8) 54... Qxc4+ $1 {[%mdl 576] Decoy. Black is clearly winning.}
55. Kxc4 Ne3+ {[%mdl 64] Double Attack} 56. Kd4 Nxd1 57. Ra8 Ne3 58. c6 Nf5+
59. Kd3 Rc5 60. Ra4+ Kg5 {Weighted Error Value: White=0.94/Black=0.49} 0-1

[Event "EICC 2021"]
[Site "Reykjavik"]
[Date "2021.09.02"]
[Round "8.3"]
[White "Gabuzyan, Hovhannes"]
[Black "Yilmaz, Mustafa"]
[Result "1/2-1/2"]
[WhiteElo "2587"]
[BlackElo "2630"]
[Annotator "TA"]
[PlyCount "61"]
[EventDate "2021.08.26"]
[EventType "swiss"]
[EventCountry "ISL"]
[Tiebreak "Cut1 Buchholz"]
[SourceTitle "playchess.com"]
[Source "ChessBase"]
[SourceQuality "1"]

{[%evp 20,61,-56,-64,-60,-72,-29,-29,-37,-37,-25,-59,-31,-48,-33,-15,-28,-22,
-27,-50,-64,-47,0,0,0,0,0,0,0,0,0,0,0,0,0,0,0,0,0,0,0,0,0,0]} 1. e4 c5 2. Nf3
d6 3. d4 cxd4 4. Nxd4 Nf6 5. Nc3 a6 6. Bg5 e6 7. f4 Qb6 8. Qd2 Qxb2 9. Rb1 Qa3
10. e5 h6 11. Bh4 dxe5 {B97: Sicilian Najdorf: Poisoned Pawn.} 12. fxe5 {[#]}
g5 $1 {12...g5 has lost popularity.} 13. Bg3 Nh5 {Black has an edge.} 14. Ne4
Qxa2 15. Rb3 {aiming for Be2.} Nd7 16. Be2 Qa1+ $1 17. Bd1 $1 Nc5 18. Nxc5 {
Hoping for Ne4.} Nxg3 19. hxg3 Bxc5 20. c3 Bd7 {...Rd8 is the strong threat.}
21. Rxb7 {The position is equal.} O-O-O 22. O-O $1 {Threatens to win with Bf3.}
Bb5 ({Don't go for} 22... Bxd4+ $2 23. cxd4 g4 24. Rb2 $18) 23. Rfxf7 {[%csl
Gb7][%cal Rf7c7]} Bxd4+ 24. cxd4 Qxd4+ {[%mdl 64] [#] Double Attack} 25. Kh2 {
[%csl Gb7][%cal Rf7c7]} Qg1+ $1 26. Kxg1 {[%csl Gb7][%cal Rf7c7]} Rxd2 27. Bg4
Rd7 28. Rfxd7 Bxd7 29. Ra7 {And now Ra8+ would win.} Re8 30. Rxa6 Kd8 {[#]} 31.
Bh5 $146 {Weighted Error Value: White=0.01/Black=0.06} ({Predecessor:} 31. Ra8+
Ke7 32. Rxe8+ Bxe8 33. Kf2 Bc6 {1/2-1/2 (33) Schmid,P (2527)-Loinjak,S (2561)
ICCF email 2018}) 1/2-1/2

[Event "EICC 2021"]
[Site "Reykjavik"]
[Date "2021.09.02"]
[Round "8.4"]
[White "Piorun, Kacper"]
[Black "Mamedov, Nidjat"]
[Result "1/2-1/2"]
[WhiteElo "2608"]
[BlackElo "2595"]
[Annotator "TA"]
[PlyCount "101"]
[EventDate "2021.08.26"]
[EventType "swiss"]
[EventCountry "ISL"]
[Tiebreak "Cut1 Buchholz"]
[SourceTitle "playchess.com"]
[Source "ChessBase"]
[SourceQuality "1"]

{[%evp 14,101,31,31,33,39,39,26,35,30,42,39,34,26,25,35,28,15,16,14,24,0,22,20,
27,40,24,18,22,22,33,36,28,0,0,0,19,0,-3,-15,6,7,36,5,5,5,5,7,5,5,8,0,0,0,0,0,
0,0,0,0,0,0,0,0,0,0,14,0,0,0,0,0,0,0,0,0,0,0,0,0,0,0,0,0,0,0,0,0,0,0]} 1. e4 e5
2. Nf3 Nf6 3. Nxe5 d6 4. Nf3 Nxe4 5. d4 d5 6. Bd3 Nc6 7. O-O Be7 8. Nbd2 $1 {
[%cal Bb1d2,Bd2f1,Bf1e3,Be3g2,Bg2f4][%mdl 4] now scores much better than the
old 8.c4.} Nd6 {C42: Petroff Defence: 3 Nxe5 and unusual White 3rd moves.} 9.
c3 Bf5 10. Be2 O-O {White has an edge.} 11. Re1 Re8 12. Nf1 Ne4 13. Ne3 {[#]}
Be6 $146 ({Predecessor:} 13... Bg6 14. Qb3 Nf6 15. Qxb7 Qd6 16. Qb3 Rab8 17.
Qd1 Ne4 18. Qa4 a6 19. Qd1 Rbd8 {1-0 (38) Shah,O (1989)-Cohen,D (1952) Toronto
2002}) 14. Bf1 Bf8 15. g3 Ne7 16. Ne5 c6 17. Nd3 Nf5 18. Ng2 Nfd6 19. f3 Nf6
20. Ngf4 Bc8 21. g4 Rxe1 22. Qxe1 b6 23. Ne5 Bb7 24. Bd3 g6 25. Nh3 Nfe8 26. g5
Rc8 27. Bf4 Rc7 28. Ng4 Bc8 {The position is equal.} 29. Nhf2 Bg7 30. Qd2 f6
31. gxf6 Nxf6 32. Nxf6+ (32. Nh6+ {keeps more tension.} Bxh6 33. Bxh6 Nf7 34.
Bf4 Re7 35. Re1) 32... Qxf6 33. Ng4 Bxg4 34. fxg4 Rf7 35. Rf1 Qe6 36. Qe2 Qd7
37. Bg5 Rxf1+ 38. Kxf1 Nf7 39. Bf4 Bf8 40. Bd2 b5 41. Kg2 (41. h4 {feels
hotter.} Be7 42. h5 Qd6 43. Ke1 a5 44. Kd1) 41... Bh6 42. Bxh6 Nxh6 43. g5 Nf7
44. h4 a5 45. a3 a4 46. Qf3 Qe6 47. Kf2 Nd6 48. Qf4 Kg7 49. Kf3 Nc4 50. Bxc4
bxc4 51. Qc7+ {Weighted Error Value: White=0.04/Black=0.03} 1/2-1/2

[Event "EICC 2021"]
[Site "Reykjavik"]
[Date "2021.09.02"]
[Round "8.5"]
[White "Romanov, Evgeny"]
[Black "Sargissian, Gabriel"]
[Result "1/2-1/2"]
[WhiteElo "2594"]
[BlackElo "2682"]
[Annotator "TA"]
[PlyCount "39"]
[EventDate "2021.08.26"]
[EventType "swiss"]
[EventCountry "ISL"]
[Tiebreak "Cut1 Buchholz"]
[SourceTitle "playchess.com"]
[Source "ChessBase"]
[SourceQuality "1"]

{[%evp 16,21,0,0,0,0,1,-12]} 1. e4 e5 2. Nf3 Nc6 3. Nc3 Nf6 4. d4 exd4 5. Nxd4
Bb4 6. Nxc6 bxc6 7. Bd3 d5 8. Bd2 O-O 9. O-O {The position is equal.} Rb8 {
C47: Scotch Four Knights and Four Knights with 4 g3.} 10. Re1 Re8 11. a3 {
[#] Not much happened in this game.  Weighted Error Value: White=0.00/Black=0.
00} {Predecessor:} Bd6 $146 12. h3 Rxb2 13. exd5 cxd5 14. Nb5 Ne4 15. Nxd6 Qxd6
16. Bb4 Qf6 17. Qf3 Bf5 18. Bxe4 dxe4 19. Bc3 Qc6 20. Qg3 {1-0 (20)
Kryvoruchko,Y (2699)-Banusz,T (2631) Tornelo INT 2021} 1/2-1/2

[Event "EICC 2021"]
[Site "Reykjavik"]
[Date "2021.09.02"]
[Round "8.6"]
[White "Erdos, Viktor"]
[Black "Nisipeanu, Liviu-Dieter"]
[Result "1/2-1/2"]
[WhiteElo "2614"]
[BlackElo "2671"]
[Annotator "TA"]
[PlyCount "32"]
[EventDate "2021.08.26"]
[EventType "swiss"]
[EventCountry "ISL"]
[Tiebreak "Cut1 Buchholz"]
[SourceTitle "playchess.com"]
[Source "ChessBase"]
[SourceQuality "1"]

{[%evp 14,32,16,18,13,10,11,11,15,7,13,7,13,5,15,0,7,0,15,0,0]} 1. d4 Nf6 2. c4
e6 3. Nf3 d5 4. Nc3 Nbd7 5. Bg5 h6 6. Bh4 Be7 7. e3 O-O 8. Rc1 {The position
is equal.} c5 {now supersedes 8...c6. D63: Queen's Gambit Declined: Classical:
7 Rc1.} 9. cxd5 Nxd5 10. Bxe7 Nxe7 11. Be2 b6 12. O-O Bb7 13. dxc5 Nxc5 14. b4
Ne4 15. Nxe4 Bxe4 16. Nd4 {[#]} a5 $146 {A rather calm draw.  Weighted Error
Value: White=0.06/Black=0.01} ({Predecessor:} 16... Rc8 17. Qa4 Rxc1 18. Rxc1
Nf5 19. Nxf5 exf5 20. Bf1 Qe7 21. b5 Rd8 22. Rd1 Rc8 {1/2-1/2 (35) Mamedyarov,
S (2782)-Firouzja,A (2759) chess24.com INT 2021}) 1/2-1/2

[Event "EICC 2021"]
[Site "Reykjavik"]
[Date "2021.09.02"]
[Round "8.7"]
[White "Nagy, Gabor"]
[Black "Grandelius, Nils"]
[Result "1/2-1/2"]
[WhiteElo "2518"]
[BlackElo "2666"]
[Annotator "TA"]
[PlyCount "40"]
[EventDate "2021.08.26"]
[EventType "swiss"]
[EventCountry "ISL"]
[Tiebreak "Cut1 Buchholz"]
[SourceTitle "playchess.com"]
[Source "ChessBase"]
[SourceQuality "1"]

{[%evp 9,40,29,28,33,34,45,42,10,11,13,13,12,8,8,9,13,4,10,6,9,20,13,15,15,15,
9,17,17,20,17,19,14,22]} 1. d4 d5 2. c4 e6 3. Nc3 a6 4. cxd5 exd5 5. Nf3 h6 6.
Qb3 {D31: Queen's Gambit Declined: Semi-Slav without ...Nf6 (+ Marshall Gambit
and Noteboom) and Exchange Variation lines without ...Nf6.} Nf6 7. e4 Nxe4 8.
Nxe4 {White is slightly better.} dxe4 {The position is equal.} 9. Ne5 {[%csl
Ge5][%cal Rb3f7]} Qe7 ({Wrong is} 9... Qxd4 $2 10. Qxf7+ Kd8 {[#]} 11. Bg5+ $1
{[%mdl 512]} hxg5 12. Rd1 $18) 10. Bc4 Qb4+ 11. Bd2 Qxb3 12. Bxb3 Be6 13. d5
Bf5 14. d6 cxd6 15. Nxf7 Rh7 {Hoping for ...Bg6.} 16. Bb4 Nc6 17. Nxd6+ Bxd6
18. Bxd6 Na5 {[#]} 19. Bg8 $146 ({Predecessor:} 19. Ba4+ b5 20. Bb3 g6 21. O-O
Rd7 22. Be5 Nxb3 23. axb3 b4 24. Rfe1 h5 25. h3 {1/2-1/2 (78) Thybo,J (2590)
-Sanal,V (2581) Chess.com INT 2020}) 19... Rh8 {[#]} 20. Bc7 $1 Rxg8 {Weighted
Error Value: White=0.03/Black=0.00} (20... Rc8 21. Bxa5) 1/2-1/2

[Event "EICC 2021"]
[Site "Reykjavik"]
[Date "2021.09.02"]
[Round "8.8"]
[White "Sarana, Alexey"]
[Black "Sanal, Vahap"]
[Result "1-0"]
[WhiteElo "2643"]
[BlackElo "2557"]
[Annotator "TA"]
[PlyCount "87"]
[EventDate "2021.08.26"]
[EventType "swiss"]
[EventCountry "ISL"]
[Tiebreak "Cut1 Buchholz"]
[SourceTitle "playchess.com"]
[Source "ChessBase"]
[SourceQuality "1"]

{[%evp 18,87,28,0,19,20,31,24,31,25,35,11,19,29,7,0,12,0,6,2,44,38,49,57,44,53,
74,47,148,133,318,298,309,298,320,310,293,306,294,283,203,0,0,0,28,25,520,0,0,
0,46,50,252,252,272,0,0,0,0,0,29980,29981,29981,29982,29982,29983,29983,29984,
29984,29985,29984,713]} 1. d4 d5 2. Nf3 Nf6 3. c4 c6 4. Nc3 e6 5. e3 Nbd7 6.
Qc2 Bd6 7. Bd3 dxc4 8. Bxc4 O-O 9. O-O Qe7 10. a3 a6 {D46: Semi-Slav: 5 e3
Nbd7 6 Bd3, Black avoids the Meran.} 11. Ba2 c5 12. dxc5 Bxc5 {[#] White has
an edge.} 13. e4 $146 ({Predecessor:} 13. b4 Ba7 14. Bb2 b5 15. Ne4 Bb7 16.
Nxf6+ Nxf6 17. Ng5 e5 18. Qf5 Rae8 19. Rac1 {0-1 (36) Ostenstad,B (2465)
-Gausel,E (2540) Asker 1997}) 13... Bd6 14. Bg5 Ne5 15. Nxe5 Bxe5 16. f4 Qc5+
17. Kh1 Bxc3 18. bxc3 b5 19. e5 Nd5 20. Bxd5 Qxd5 21. Rad1 Qc4 22. Rf3 $1 Qa4 (
{Black should play} 22... Bb7 $1 $14 23. Rd4 Qc5) 23. Qb1 $1 $16 Bb7 $2 (23...
Qc4 $16 {keeps fighting.}) 24. Rd4 $1 $18 (24. Rh3 Be4 $17) 24... Qxa3 25. Rh3
{[%csl Gh3][%cal Rb1h7]} g6 26. Bf6 $1 Rfc8 27. Qe1 {Threatening mate with
Rxh7!} ({And not} 27. Rd7 Be4 $1 $15) 27... h5 28. f5 $1 {[%cal Rf5g6] Black
must now prevent fxg6.} exf5 {Threatens to win with ...Rc4.} 29. e6 $2 (29. Rd7
$18 {Intending Rxh5! and mate.} Rc6 30. Rxb7) 29... Qa2 $1 $11 {[%csl Gb7,LRe6,
LRg2][%cal Ra2g2][%mdl 64] Double Attack} 30. Rg3 {Hoping for Rd7!} Re8 (30...
Be4 $5 {[%cal Ra2e6]} 31. c4 Rxc4 $11) 31. c4 $1 Be4 $2 {[%mdl 8192]} ({
Avoid the trap} 31... Rxe6 $2 32. Rxg6+ Kh7 33. Rg7+ Kh8 34. Rxf7+ Rxf6 35.
Rxb7 $18) ({Not} 31... bxc4 32. exf7+ Kxf7 33. Rd7+ Kxf6 34. Rxg6+ $3 {[%mdl
512]} Kxg6 35. Qg3+ Kf6 36. Qd6+ Re6 37. Qd4+ Re5 38. Qh4+ Kg6 39. Qg3+ Kf6 40.
Qg7+ Ke6 41. Qf7#) (31... Qb2 $11 32. exf7+ Kxf7 33. Rd7+ {[%mdl 64] Double
Attack, Discovered Attack} Kxf6 34. Rxg6+ Kxg6 35. Qg3+ Kf6 36. Qg7+ Ke6 37.
Qf7+ {[%mdl 64] Double Attack} Ke5 38. Qg7+ Kf4 39. Qg3+ Ke4 40. Qe1+ Kf4 41.
Qg3+ Ke4 42. Qe1+ Kf4 43. Qg3+) 32. exf7+ $2 (32. Rxe4 $18 Kh7 33. Re5 Qxc4 34.
Rc3) 32... Kxf7 33. Rd7+ $1 Ke6 34. Rd2 {[%cal Rd2a2]} Qxc4 (34... Kf7 $14 35.
Rxa2 Bxg2+ 36. Kxg2 Rxe1) 35. Qa1 $18 Qb4 36. Rd1 ({Better is} 36. Rxg6 $18 {
Bh8+ would kill now.} Qb1+ 37. Qxb1 Bxb1 38. Bc3+ Ke7 39. Bb4+ Kf7 40. Rdd6)
36... Kf7 $11 {...Bc6 is the strong threat.} 37. Rd7+ Ke6 38. Rd1 $40 {[%mdl
128] White wants to mate with Bh8! White is up to no good.} f4 $2 {[%mdl 8192]
[#]} (38... Kf7 $11 39. Rd7+ Ke6 40. Rd1) 39. Rxg6 $3 {[%mdl 512] White mates.}
Bxg6 {[#]} 40. Qe5+ $1 Kf7 41. Rd7+ Kf8 42. Bg7+ Kg8 43. Qd5+ Kh7 44. Bf8+ {
Weighted Error Value: White=0.21/Black=0.60} (44. Bc3+ $142 Qe7 45. Rxe7+ Rxe7
46. Qxa8 Be8 47. Qxa6 Rd7 48. Kg1 Rc7 49. Qf6 Rxc3 50. Qxc3) 1-0

[Event "EICC 2021"]
[Site "Reykjavik"]
[Date "2021.09.02"]
[Round "8.9"]
[White "Kacharava, Nikolozi"]
[Black "Deac, Bogdan-Daniel"]
[Result "1/2-1/2"]
[WhiteElo "2453"]
[BlackElo "2639"]
[Annotator "TA"]
[PlyCount "118"]
[EventDate "2021.08.26"]
[EventType "swiss"]
[EventCountry "ISL"]
[Tiebreak "Cut1 Buchholz"]
[SourceTitle "playchess.com"]
[Source "ChessBase"]
[SourceQuality "1"]

{[%evp 16,118,42,-7,0,0,10,6,13,0,-4,-44,-23,-13,0,0,0,-22,0,0,0,-46,-26,-38,
-23,-34,-17,-54,-43,-63,-50,-64,-64,-75,-73,-61,-71,-85,-77,-91,-52,-52,-67,
-60,-10,-10,-15,-8,-23,-131,-79,-144,0,0,0,-36,0,0,0,0,0,0,85,0,457,31,31,31,
31,31,31,31,31,31,31,31,31,31,31,31,31,31,31,31,31,31,31,31,31,0,31,31,31,0,0,
0,0,0,0,0,0,0,0,0,0]} 1. e4 c5 2. Nf3 d6 3. d4 cxd4 4. Nxd4 Nf6 5. Nc3 a6 6.
Bg5 e6 7. f4 Qb6 8. Nb3 Nbd7 9. Qd2 {9.Qe2 is setting a new trend.} (9. Qe2 {
looks sharper.} Qc7 10. a3 Be7 11. O-O-O b5 12. g4) 9... Qc7 {B97: Sicilian
Najdorf: Poisoned Pawn.} 10. O-O-O b5 11. a3 Be7 12. Bd3 Bb7 13. g4 h6 14. Bxf6
Nxf6 15. Rhg1 {[#]} Nd7 $146 ({Predecessor:} 15... d5 16. exd5 Nxd5 17. Nxd5
Bxd5 18. Kb1 b4 19. axb4 O-O 20. Na5 Rab8 21. c3 Qd7 {1-0 (48) Carlsson,L 
(2396)-Storme,I (2398) Uppsala 2021}) 16. h4 g5 17. hxg5 hxg5 18. fxg5 Rg8 $36
{[%mdl 2048] Black is more active.} 19. Kb1 Rxg5 20. Qf4 Ne5 21. Nd2 Rg6 22.
Be2 Bg5 23. Qg3 Bf6 24. Qf4 O-O-O 25. Nf3 Rdg8 26. Nxe5 Bxe5 27. Qd2 Rh8 28.
Rh1 Rxh1 29. Rxh1 Bxc3 30. bxc3 {With the idea Rh8+.} Bxe4 31. Rh8+ Kb7 $1 32.
Qe3 (32. Qd4 $11 Bc6 33. Qb4) 32... d5 $17 33. Bf3 (33. Kb2 $142) 33... f5 (
33... Bxf3 $17 34. Qxf3 f5) 34. Bxe4 $1 $11 fxe4 {[%mdl 4096] Endgame KQR-KQR}
35. g5 Rg7 (35... Qe5 $5 {[%cal Re5h8]} 36. Qf2 Rxg5 37. Qf7+ Kb6 $17) 36. Rh6
Qe5 37. g6 Qf6 38. Qg3 Kc6 {[#]} (38... e5 $11) 39. Rh7 (39. Rh8 $1 $16 {
[%cal Rh8c8] White threatens Rc8+ and mate.} e5 40. Qe3 Rxg6 41. Rb8 Qf1+ 42.
Kb2) 39... e5 $2 {[%mdl 8192]} (39... e3 $11 {and Black is okay.}) 40. Qg4 $2 (
40. Qh3 $18 e3 41. Qxe3) 40... e3 $14 ({Weaker is} 40... Rxg6 41. Qc8+ Kd6 42.
Qc7+ Ke6 43. Qd7#) 41. Rxg7 Qxg7 {KQ-KQ} 42. Qe6+ Kb7 43. Qxd5+ Kc7 44. Qc5+
Kb7 45. Qxe3 {[#] Black must now prevent Qf3+.} Qxg6 46. Qxe5 Qc6 47. Kb2 a5
48. Qd4 Ka6 49. Kb3 Qh1 {[%cal Rh1b1]} 50. Qd6+ Kb7 {[%cal Rh1b1]} 51. Qd7+ Kb6
{[%cal Rh1b1]} 52. Qd6+ (52. Qd8+ {seems wilder.} Ka6 53. Qc8+ Kb6 54. Qb8+ Ka6
55. Kb2) 52... Kb7 {[%cal Rh1b1]} 53. Kb2 Qc6 54. Qxc6+ (54. Qe7+ {with more
complications.} Ka6 55. Qd8 Qc4 56. Qd6+ Ka7 57. Qh6) 54... Kxc6 {K3P-KPP. The
position is equal.} 55. Kb3 {c4 is the strong threat.} Kc5 56. a4 bxa4+ 57.
Kxa4 Kc4 58. Kxa5 Kxc3 59. Kb5 Kxc2 {Weighted Error Value: White=0.31/Black=0.
26} 1/2-1/2

[Event "EICC 2021"]
[Site "Reykjavik"]
[Date "2021.09.02"]
[Round "8.10"]
[White "Ivic, Velimir"]
[Black "Bluebaum, Matthias"]
[Result "1-0"]
[WhiteElo "2571"]
[BlackElo "2674"]
[Annotator "TA"]
[PlyCount "75"]
[EventDate "2021.08.26"]
[EventType "swiss"]
[EventCountry "ISL"]
[Tiebreak "Cut1 Buchholz"]
[SourceTitle "playchess.com"]
[Source "ChessBase"]
[SourceQuality "1"]

{[%evp 20,75,10,8,10,0,3,13,18,9,27,15,19,39,23,32,53,35,31,0,0,0,8,0,42,25,33,
20,43,43,43,48,42,35,37,35,35,38,41,36,69,69,214,182,452,455,479,591,630,630,
630,629,628,622,591,566,740,462]} 1. e4 e6 2. d4 d5 3. Nc3 Nf6 4. e5 Nfd7 5. f4
c5 6. Nf3 Nc6 7. Be3 cxd4 8. Nxd4 Qb6 9. Qd2 Qxb2 10. Rb1 Qa3 11. Bb5 Nxd4 {
C11: French: Classical System: 4 e5 and 4 Bg5 dxe4.} 12. Bxd4 (12. Qxd4 a6 $17)
12... a6 13. Bxd7+ Bxd7 {The position is equal.} 14. Rb3 Qe7 15. Rxb7 Qh4+ 16.
g3 $1 {[%mdl 4] now scores much better than the old 16.Bf2.} Qd8 {[#]} 17. Bb6
$146 ({Predecessor:} 17. O-O Qc8 18. Rfb1 Bc5 19. Qe3 Bxd4 20. Qxd4 Bb5 21. Rb6
O-O 22. a4 Bc4 23. Kf2 {0-1 (46) Deac,B (2625)-Nguyen,T (2569) Chess.com INT
2020}) 17... Qc8 18. Rc7 Qd8 19. Qe3 Bb4 20. a3 Bxa3 21. f5 Rc8 22. Ra7 Qe7 {
...Qb4 is the strong threat.} 23. O-O Bc5 24. Bxc5 Qxc5 25. Qxc5 Rxc5 {[#]} 26.
Na4 Rc8 27. Nb6 {[%mdl 64] Double Attack} Rd8 28. f6 gxf6 29. Rxf6 Rg8 30. c4
$36 {[%mdl 2048] White fights for an advantage.} (30. Rxd7 Rxd7 31. Nxd7 Kxd7
$15) 30... Rg5 {[#] Black cannot hold the game after this.} (30... dxc4 $14 31.
Nxc4 Ke7) 31. c5 $1 $18 ({Not} 31. Rxd7 Rxd7 32. Nxd7 Kxd7 $11) ({Inferior is} 
31. cxd5 exd5 32. Nxd5 (32. Nxd7 Rxd7 33. Ra8+ Ke7 $11) 32... Rxe5 $11) (31.
Rxa6 Rxe5 32. cxd5 exd5 $15) 31... Rxe5 $2 {[#]} (31... Rg6 {is a better
defense.} 32. Rf4 (32. Nxd7 Rxd7 33. Rxa6 Rg5 $15) (32. Rxa6 Bb5 $14) 32... Rg7
) 32. c6 $1 {White is clearly winning.} Bxc6 {Threatens to win with ...Rb8.}
33. Rfxf7 {[%csl Gf7][%cal Ra7e7]} Rb8 34. Rxh7 {[%cal Rh7h8]} Rf5 {[#]} 35.
Rac7 $1 Bb5 36. Nc8 Kd8 37. Nd6 Rf6 38. Rcg7 {Weighted Error Value: White=0.01/
Black=0.24} 1-0

[Event "EICC 2021"]
[Site "Reykjavik"]
[Date "2021.09.02"]
[Round "8.12"]
[White "Pantsulaia, Levan"]
[Black "Abasov, Nijat"]
[Result "1-0"]
[WhiteElo "2564"]
[BlackElo "2656"]
[Annotator "TA"]
[PlyCount "75"]
[EventDate "2021.08.26"]
[EventType "swiss"]
[EventCountry "ISL"]
[Tiebreak "Cut1 Buchholz"]
[SourceTitle "playchess.com"]
[Source "ChessBase"]
[SourceQuality "1"]

{[%evp 12,75,0,1,17,0,0,10,6,-4,-7,-5,0,-50,-28,-20,12,7,0,14,0,0,41,52,64,65,
63,61,73,62,93,94,127,125,124,113,143,89,127,93,127,127,125,125,114,102,127,
162,160,100,183,187,402,388,569,562,730,695,720,695,754,754,941,1111,1454,1014]
} 1. c4 e6 2. g3 Nf6 3. Bg2 d5 4. Nf3 Be7 5. O-O O-O 6. b3 d4 7. e3 $1 {
7.e3 scores better than 7.Bb2.} c5 {A14: English Opening: 1...e6 with b3 by
White.} 8. exd4 cxd4 9. d3 Nc6 {The position is equal.} 10. Re1 Bb4 11. Bd2 Bd6
{[#]} 12. Qc2 $5 $146 {[%mdl 8] An interesting novelty.} ({Predecessor:} 12. a3
a5 13. Bg5 h6 14. Bxf6 Qxf6 15. Nbd2 Qe7 16. Qc1 f5 17. Qb2 Qf6 18. Rac1 {
1/2-1/2 (30) Maghsoodloo,P (2969)-Asadli,V (2777) Chess.com INT 2019}) 12...
Nd7 13. Bc1 e5 14. Ba3 Bxa3 15. Nxa3 {[%cal Bb1a3,Ba3b5,Bb5d6][%mdl 32]} Re8
16. Qd2 a5 17. Ng5 Nf6 18. Nb5 h6 19. Ne4 Nxe4 20. Bxe4 Bh3 21. c5 f5 {[#]} 22.
Bh1 Qd7 23. Nd6 Re7 24. a3 {[%cal Ba2a3,Ba3b4][%mdl 32]} Qe6 25. Rab1 Kh7 26.
b4 axb4 27. axb4 Ra2 28. Rb2 Rxb2 29. Qxb2 e4 {White must now prevent ...Ne5.}
30. dxe4 (30. f4 $142) 30... d3 (30... f4 $16) 31. Rd1 $18 {aiming for f4.} Ne5
$2 {[#]} (31... f4) 32. f4 $1 {[%cal Rf4e5]} Nf7 (32... Nc4 $142 33. Qd4 {
[%mdl 64] Double Attack} Bg4) 33. e5 {White is clearly winning.} Nxd6 34. cxd6
Re8 35. Rxd3 Qc4 36. Qd4 Qc2 37. Rd2 Qb3 38. Bg2 {Weighted Error Value:
White=0.06/Black=0.36} 1-0